Almost Useless Movie Trivia II Quiz Stats

Quiz Updated Dec 28, 2014

Challenge
Share
Tweet
Embed
Score 0/22 Timer 05:00
16 Plays Today
% Correct
Raiders of the Lost Ark
94.4%
Titanic
93.7%
The 40-Year-Old Virgin
93.6%
The Little Mermaid
91.3%
The Devil Wears Prada
90.3%
Million Dollar Baby
89.9%
Chicago
89%
Elf
86%
Braveheart
84.6%
Armageddon
83%
Inglourious Basterds
82.5%
% Correct
V for Vendetta
80.8%
Raging Bull
80.6%
Home Alone
72.3%
Fargo
69%
Jurassic Park
63.2%
Alien
63.1%
Twelve Monkeys
61.5%
Juno
58.8%
Life of Pi
55.8%
Trainspotting
48.2%
The Gold Rush
40.9%

You're not logged in!

Compare scores with friends on all Sporcle quizzes.
Join for Free
OR
Log In

You Might Also Like...

Show Comments

Extras

Top Quizzes Today


Score Distribution

Your Account Isn't Verified!

In order to create a playlist on Sporcle, you need to verify the email address you used during registration. Go to your Sporcle Settings to finish the process.

Report this User

Report this user for behavior that violates our Community Guidelines.

Details: